| 000 | 01183nam a22003377a 4500 | ||
|---|---|---|---|
| 003 | CHAP | ||
| 005 | 20220329134032.0 | ||
| 008 | 971013s1969 r 00010 d | ||
| 010 | _a14439 | ||
| 011 | _a15411 | ||
| 035 | _a19487 | ||
| 040 | _cCHAP | ||
| 090 | _aTesis | ||
| 100 | 0 | 0 |
_aGonzález y Flores, Jesús Guillermo. _949496 |
| 245 | _aAplicación tópica de dos carbonatos insecticida sobre el picudo del tabaco, Trichobaris championi, Barber | ||
| 260 |
_aChapingo, Méx. : _bEl autor, _c1969 |
||
| 300 |
_a53 h. _b: ilus |
||
| 502 | _aTesis (Ing. Agr. Esp. en Parasitología Agrícola) -- ENA. Departamento de Parasitología Agrícola | ||
| 590 |
_aALEPH _b10 _c20130110 _lUCH01 _h1236 |
||
| 590 |
_aBATCH-UPD _b10 _c20130110 _lUCH01 _h0132 |
||
| 590 |
_aBATCH-UPD _b10 _c20130110 _lUCH01 _h1630 |
||
| 590 |
_aBATCH-UPD _b10 _c20130409 _lUCH01 _h2128 |
||
| 590 |
_aBATCH-UPD _b10 _c20130914 _lUCH01 _h1548 |
||
| 590 |
_aCONVERSION _b10 _c20130109 _lUCH01 _h1309 |
||
| 650 | 1 | 4 |
_aInsecticidas. _958855 |
| 650 | 1 | 4 |
_aTrichobaris championi. _9114922 |
| 901 | _aBK | ||
| 942 | _cFOLL | ||
| 949 |
_bBC _cTES _d-45367 _eTS1 _i19487 _si |
||
| 949 |
_bBC _cTES _d-45368 _eTS2 _fc.2 _i19487 _si |
||
| 999 |
_c14439 _d14439 |
||